|
|
|
|
| LEADER |
00000cam a2200000 i 4500 |
| 005 |
2011070504144.0 |
| 008 |
080423s2007 sp 000 0 spa d |
| 017 |
|
|
|a D.L.M51938-2007
|
| 020 |
|
|
|a 978-84-7351-269-5
|
| 035 |
|
|
|a 5546
|
| 040 |
|
|
|a BUS
|d vLex
|
| 080 |
|
|
|a 342.51(460)
|
| 090 |
|
|
|c 2173
|d 2173
|
| 100 |
1 |
|
|a Garca̕ Fernǹdez, Javier.
|
| 245 |
1 |
0 |
|a Estudios sobre el Gobierno /
|c Javier Garca̕ Fernandez.
|h [Recurso electrn̤ico]
|
| 256 |
|
|
|a Servicio en ln̕ea.
|
| 260 |
|
|
|a Madrid :
|b Instituto Nacional de Administracin̤ Pb︢lica,
|c 2007.
|
| 300 |
|
|
|a 516 p.;
|c 24 cm.
|
| 490 |
1 |
|
|a Estudios y documentos / Instituto Nacional de Administracin̤ Pb︢lica.
|
| 506 |
1 |
|
|a Contenido solo disponible en los productos indicados
|d vLex Global
|d vLex Global (Academic Edition, excluding Law Schools)
|d vLex Global (U.S. Academic Edition, Law Schools)
|d vLex Global (U.S. Academic Edition, excluding Law Schools)
|d vLex Global (Academic Edition, Law Schools)
|
| 650 |
0 |
7 |
|a Administracin̤ pb︢lica
|2 Tesauro vLex
|
| 650 |
0 |
7 |
|2 Tesauro vLex
|a Administracin̤ General del Estado
|
| 650 |
0 |
7 |
|2 Tesauro vLex
|a Órganos constitucionales
|
| 650 |
0 |
7 |
|2 Tesauro vLex
|a Gobierno
|
| 740 |
0 |
|
|a vLex Libros (Servicio en ln̕ea)
|
| 810 |
2 |
|
|a Instituto Nacional de Administracin̤ Pb︢lica (Espaą).
|t Estudios y documentos.
|
| 856 |
4 |
0 |
|u http://vlex.com/source/estudios-sobre-gobierno-5546
|z Acceso restringido
|
| 942 |
|
|
|c BOOK
|